000 01028nac a22002411u 4500
008 120111s1996 nyu|||||r|||| 001 0 eng d
010 _a 95036677
020 _a0471116696 (cloth : acid-free paper)
082 0 0 _a337
_bDUN
_222
100 _aDunn, Robert M.
_928320
245 1 0 _aInternational economics /
_cRobert M. Dunn, Jr., James C. Ingram.
250 _a4th ed.
260 _aNew York :
_bWiley,
_cc1996.
300 _axiii, 559 p. :
_bill. ;
_c24 cm.
500 _aAuthors' names in reverse order in previous ed.
504 _aIncludes bibliographical references and index.
650 0 _aInternational economic relations.
_928321
700 1 _aIngram, James C.
_928322
856 4 2 _3Publisher description
_uhttp://www.loc.gov/catdir/description/wiley037/95036677.html
856 4 2 _3Table of Contents
_uhttp://www.loc.gov/catdir/toc/onix01/95036677.html
942 _cBB
_k337D9231
_2ddc
999 _c4252
_d4252